Online
Catalog

Matemáticas actualizadas : (Record no. 23745)

MARC details
000 -CABECERA
campo de control de longitud fija 00732nam a2200181 a 4500
001 - NÚMERO DE CONTROL
campo de control 000024251
005 - FECHA Y HORA DE LA ÚLTIMA TRANSACCIÓN
campo de control 20200930022840.0
008 - DATOS DE LONGITUD FIJA--INFORMACIÓN GENERAL
campo de control de longitud fija 110125s1970 mx a r 000 0 spa d
040 ## - FUENTE DE LA CATALOGACIÓN
Centro catalogador/agencia de origen DO-SdBNP
Lengua de catalogación spa
Centro/agencia transcriptor BNPHU
082 ## - NÚMERO DE LA CLASIFICACIÓN DECIMAL DEWEY
Número de clasificación xxxxx
Número de documento/Ítem S211m
049 ## - FONDOS LOCALES (OCLC)
Fondos de biblioteca BNGR
100 1# - ENTRADA PRINCIPAL--NOMBRE DE PERSONA
Nombre de persona Sánchez Meza, José María
9 (RLIN) 49791
245 10 - MENCIÓN DE TÍTULO
Título Matemáticas actualizadas :
Resto del título segundo curso /
Mención de responsabilidad, etc. José María Sánchez Meza.
250 ## - MENCIÓN DE EDICIÓN
Mención de edición 10a ed.
260 ## - PUBLICACIÓN, DISTRIBUCIÓN, ETC.
Lugar de publicación, distribución, etc. México, D. F. :
Nombre del editor, distribuidor, etc. Herrero,
Fecha de publicación, distribución, etc. 1970.
300 ## - DESCRIPCIÓN FÍSICA
Extensión 412 p. :
Otras características físicas il. ;
Dimensiones 19.5 cm.
500 ## - NOTA GENERAL
Nota general En la portada: Aprobado por la comisión revisora de libros de texto y de consulta de la Secretaría de Educación Pública como texto para el segundo año, contiene el nuevo programa de las escuelas secundarias.
Holdings
Estado de retiro Estado de pérdida Restricciones de uso No para préstamo Código de colección Localización permanente Ubicación/localización actual Ubicación en estantería Fecha de adquisición Número de inventario Total de préstamos Signatura topográfica completa Código de barras Fecha visto por última vez Precio válido a partir de Tipo de ítem Koha
        Monografías: Libros y Folletos General General En catalogación 25.01.2011 LF1   xxxxx S211m 24251-10 25.06.2020 25.06.2020 Préstamo en sala

Powered by Koha